| 000 | 00980nam a22002417a 4500 | ||
|---|---|---|---|
| 999 |
_c2142 _d2142 |
||
| 003 | AR-CdUCM | ||
| 008 | 190304b ||||| |||| 00| 0 spa d | ||
| 040 |
_aMUNICIPALIDAD PROVINCIAL DEL CUSCO _cBIBLIOTECA MUNICIPAL DEL CUSCO |
||
| 041 | _heng | ||
| 082 |
_a901 / _bT77 |
||
| 100 |
_aToynbee, Arnold J. _97718 |
||
| 245 | _aEstudio de la Historia / | ||
| 260 |
_aBuenos Aires ; _bEmecé Editores, S.A., _c1952. |
||
| 300 |
_a524 páginas ; _c23 cm. |
||
| 500 | _aTítulo de la obra en ingles: Study of History | ||
| 505 | _aContenido: El campo del Estudio Histórico -- El estudio comparativo de las civilizaciones -- Las génesis de las civilizaciones -- La naturaleza de las génesis de las civilizaciones -- La teoría de la raza y el sentimiento moral ... | ||
| 650 |
_aHistoria _9136 |
||
| 650 |
_aSociedades Primitivas _97719 |
||
| 650 |
_aCivilizaciones Maya y Andina _97720 |
||
| 700 |
_aPerriaux, Jaime (Traductor) _97721 |
||
| 942 |
_2ddc _cLIBROS |
||
| 945 | _araen | ||